00318pab a2200121 454500008004000000100003300040245005500073260000900128300001300137362001200150650001600162773001800178180718b2002 xxu||||| |||| 00| 0 eng d aPrabhakhar, Akhilesh Chandra aInequality in the global village: the future ahead c2002 ap.66-82. aApr-Jun aRural areas aWorld Affairs